Estatísticas para Irlanda

Clique aqui para jogar o quiz

Estatísticas Gerais

  • Esse quiz foi jogado 15 vezes
  • A pontuação média é 8 de 15

Estatísticas das Respostas

HintResposta% Correto
Qual é a sua capital?Dublin
100%
Qual é a sua moeda?Euro
100%
Qual é a bebida mais consumida?Cerveja
92%
Onde fica?Europa
92%
De que país é independente?Reino Unido
92%
Qual é o seu feriado mais conhecido?Dia de São Patrício
75%
Qual é o desporto mais popular?Futebol
75%
Qual é o seu código ISO?IRL
67%
Qual é o famoso cantor que nasceu em Dublin?Bono
50%
Que animal não existe no país?Cobra
42%
Como se chama o anel usado nos casamentos irlandeses?Claddagh
8%
Como se chama a famosa marca de cerveja que teve origem no país?Guinesse
8%
Qual é o seu prato típico?Boxty
0%
Qual é o seu ponto mais alto?Carrauntoohil
0%
Que série teve algumas cenas gravadas na Irlanda do Norte?Games of Thrones
0%

Distribuição das Pontuações

Percentil de Números Respondidos

Porcentagem de Pessoas com Cada Pontuação

Sua Pontuação Histórica

Você não jogou esse quiz